| 000 | 00818nam a2200217Ia 4500 | ||
|---|---|---|---|
| 003 | GCL | ||
| 005 | 20240530102340.0 | ||
| 008 | 140319s9999 xx 000 0 ara d | ||
| 040 |
_aGCL / _cGCL |
||
| 082 | 0 | 4 |
_a953.0738 _bق/ا ن |
| 100 | 1 | _aايمن فؤاد سيد | |
| 245 | 1 | 0 |
_aنزهة المقلتين فى اخبار الدولتين / _cايمن فؤاد سيد |
| 260 |
_aبيروت : _bفرانتس شتاينر شتوتكارت ، _c1992 |
||
| 300 |
_a290 ص ؛ _c24 سم |
||
| 490 |
_aالنشرات الاسلامية _v39 |
||
| 650 | 0 | 4 | _aالدولة الفاطمية |
| 650 | 0 | 4 | _aالدولة الفاطمية - الاحتفالات |
| 650 | 0 | 4 | _aمصر القديمة - الاحوال السياسية |
| 700 | 1 | _aابن الطوير، المرتضى عبدالسلام | |
| 942 |
_2ddc _cBK |
||
| 999 |
_c31616 _d31616 |
||